LIBRARY & INFORMATION CENTRE, KCAET, TAVANUR

ONLINE PUBLIC ACCESS CATALOGUE (OPAC)

Tank and Well Irrigation Crisis: Spatial, Environmental and Social Issues (Record no. 14221)

MARC details
000 -LEADER
fixed length control field 00414nam a22001217a 4500
020 ## - INTERNATIONAL STANDARD BOOK NUMBER
ISBN 9788180697869
082 ## - DEWEY DECIMAL CLASSIFICATION NUMBER
Classification number 333.913095486
Item number AUB/TA
245 ## - TITLE STATEMENT
Title Tank and Well Irrigation Crisis: Spatial, Environmental and Social Issues
260 ## - PUBLICATION, DISTRIBUTION, ETC. (IMPRINT)
Place of publication New Delhi
Name of publisher Concept Publishing Company Pvt. Ltd
Year of publication 2013
300 ## - PHYSICAL DESCRIPTION
Number of Pages 334
700 ## - ADDED ENTRY--PERSONAL NAME
Personal name Aubriot, Olivia
942 ## - ADDED ENTRY ELEMENTS (KOHA)
Koha item type Books
Holdings
Withdrawn status Lost status Damaged status Collection code Home library Current library Shelving location Date acquired Source of acquisition Cost, normal purchase price Full call number Accession Number Koha item type
        KAUAET KAUAET General Stacks 06/06/2016 Southern Book 1500.00 333.913095486 24927 Books
        KAUAET KAUAET General Stacks 26/07/2016 Southern Book Star, Tvm. 1500.00 333.913095486 AUB/TA 24559 Books
free website counter